Bhagwan swaminarayan: (Record no. 165002)

MARC details
000 -LEADER
fixed length control field 00611nam a22001937a 4500
005 - DATE AND TIME OF LATEST TRANSACTION
control field 20190531172400.0
010 ## - LCCN (DPL NO)
LC control number ENG-125440
020 ## - INTERNATIONAL STANDARD BOOK NUMBER
International Standard Book Number 8175262591
Terms of availability 50.00
035 ## - SYSTEM CONTROL NUMBER
System control number EN-108972
037 ## - SOURCE OF ACQUISITION
Source of stock number/acquisition DBAD/PUB
082 ## - DEWEY DECIMAL CLASSIFICATION NUMBER
Classification number 230.31
100 ## - MAIN ENTRY--PERSONAL NAME
Personal name Mukundcharandas, Sadhu
245 ## - TITLE STATEMENT
Title Bhagwan swaminarayan:
Statement of responsibility, etc by Padma Parupudi [and] Sirisha Naresh
Remainder of title an introduction/
260 ## - PUBLICATION, DISTRIBUTION, ETC. (IMPRINT)
Place of publication, distribution, etc Amdavad
Name of publisher, distributor, etc swaminarayan Aksharpith
Date of publication, distribution, etc 2011
270 ## - ADDRESS
Address Shahibaug road ,Amdavad -4,india.
City Amdavad
300 ## - PHYSICAL DESCRIPTION
Extent vii,126p.
Dimensions 21cms(pbk)
Other physical details ill.
500 ## - GENERAL NOTE
General note includes bibliography.
942 ## - ADDED ENTRY ELEMENTS (KOHA)
Source of classification or shelving scheme Dewey Decimal Classification
Item type English Books
Classification part 230.31
Call number suffix SWA
Holdings
Withdrawn status Lost status Not for loan Collection code Home library Current library Date acquired Source of acquisition Cost, normal purchase price Full call number Barcode Copy number Cost, replacement price Koha item type
      Non-fiction Andrews Gunj Andrews Gunj 31/05/2019 DBAD/PUB 50.00 230.31 SWA EN-108972 1 50.00 English Books

© Delhi Public Library
Hit Counter
free hit counter